000 00409nam a22001457a 4500
005 20160527110020.0
008 160527b xxu||||| |||| 00| 0 eng d
020 _a9789400702592
040 _cPK-LaUMT
082 _a616.07570289
_bRAD-
245 _aRadiation protection in medical physics
_cYves lemoigne & Alessandra caner(Editers)
260 _aNew York
_bSpringer
_c2009
300 _a191 p.
942 _cBK
999 _c86079
_d86079